| 000 | 00627nam a2200169 4500 | ||
|---|---|---|---|
| 001 | 126502 | ||
| 003 | ES-MaACL | ||
| 007 | t| | ||
| 008 | 070214s1933 it r ||||1| ita d | ||
| 110 | 2 |
_aItalia [Leyes, etc.] _95313 |
|
| 245 | 1 | 0 |
_aRepertorio generale annuale di giurisprudenza, bibliografia e legislazione di Diritto Civile, Comerciale, Penale e Amministrativo _b: speciale collaborazione, Giulio Antonelli... [et al.]. |
| 260 |
_aRoma : _bScoieta Editrice del Foro Italiano, _c1933. |
||
| 300 |
_a1828 lám. ; _c32 cm. |
||
| 500 | _aEs el v. LVIII. | ||
| 700 | 1 |
_aAntonelli, Giulio. _921963 |
|
| 852 |
_aES-MaACL _jC-6738 |
||
| 999 |
_c126502 _d126502 |
||